000 00565pam a2200217 a 4500
001 3840495
005 20171221035738.0
008 870616s1987 caua b 001 0 eng
010 _a 87016900
020 _a0939425017 (pbk.)
040 _aDLC
_cDLC
_dDLC
041 _aeng
080 _a617.715 HAL
082 0 0 _a617.715 HAL
_219
100 _a4
101 _aSHM
245 0 4 _aThe Field analyzer primer /
_cedited by Mary Jean Haley.
504 _aBibliography: p. 161-164.
906 _a7
_bcbc
_corignew
_d1
_eocip
_f19
_gy-gencatlg
942 _2ddc
_cBK
999 _c39262
_d39262